000 00475nam a2200181Ia 4500
001 9079
005 20260306160657.0
008 260306t2016||||xx |||||||||||||| ||spa||
041 _aESP
082 _a372.6
_bB169
100 _aBowkett, Steve
_eAUT
245 0 _aLa utilización del cómic para mejorar la expresión oral, la lectura y la escritura
260 _c2016
300 _a196 páginas :
_c24 cm.
650 _aGEN
654 _aCED
942 _cLIB
_dJUS
_fJUS
_2ddc
_n
999 _c9079
_d9079